Integrated accounting (Бичлэгийн дугаар. 145997)
| 000 -УДИРДЛАГА | |
|---|---|
| Удирдлага | 00977nam a22003377a 4500 |
| 003 - ХЯНАЛТЫН ТОО ТОДОРХОЙЛОГЧ | |
| Код | MN-UlNUM |
| 005 - БИЧИЛТ ХИЙСЭН ОГНОО | |
| Тухайн бичилтийг бичсэн засварласан сүүлийн огноо | 20260126161116.0 |
| 008 - ЕРӨНХИЙ МЭДЭЭЛЭЛ | |
| Ерөнхий мэдээлэл | 251222s1993 ohua|||| |||| 00| 0 eng d |
| 020 ## - ISBN | |
| ISBN | 053881960X |
| 040 ## - БИЧЛЭГ ҮҮСГЭГЧ БАЙГУУЛЛАГА | |
| Бичлэг үүсгэгч номын сангийн код | МУИС-ийн номын сан |
| 084 ## - ББК АНГИЛАЛ | |
| Нэмэлт тусгалт | Бусад |
| ББК ангилал | 65.290-2 |
| Зохиогчийн гурван тэмдэгт | K 57 |
| Мэдлэгийн ялгаа | 65 - Эдийн засаг |
| 100 1# - ЗОХИОГЧ | |
| Зохиогчийн нэр | Klooster, Dale H. |
| 245 10 - ҮНДСЭН ГАРЧИГ | |
| Номын нэр | Integrated accounting |
| Бага гарчгийн мэдээ | IBM / $c Dale H. Klooster, Warren W. Allen. |
| 250 ## - ДАХИН ХЭВЛЭЛТ | |
| Дахин гаралтын дугаар | 4th ed. |
| 260 ## - ГАРАЛТЫН МЭДЭЭ | |
| Хэвлэгдсэн газар | Cincinnati, Ohio : |
| Хэвлэлийн газар | South-Western Pub. Co., |
| Хэвлэгдсэн он | 1993. |
| 300 ## - МАТЕРИАЛЫН ТОДОРХОЙЛОЛТ | |
| хуудасны тоо | xiv, 512 p. : |
| Бусад тоон мэдээлэл | ill. ; |
| Хэмжээ | 28 cm. + |
| 500 ## - Тайлбар | |
| Дансны дугаар | БС 4658 |
| 546 ## - ХЭЛНИЙ ТУХАЙ МЭДЭЭ | |
| Хэл | Англи хэл дээр, |
| 653 ## - Түлхүүр үг | |
| Түлхүүр үг | accounting |
| 653 ## - Түлхүүр үг | |
| Түлхүүр үг | microcomputers |
| 653 ## - Түлхүүр үг | |
| Түлхүүр үг | IBM microcomputers |
| 653 ## - Түлхүүр үг | |
| Түлхүүр үг | programming |
| 653 ## - Түлхүүр үг | |
| Түлхүүр үг | data processing |
| 700 1# - ХАМ ЗОХИОГЧИД | |
| Ба бус | Allen, Warren W. |
| 740 ## - НОМЫН ГАРЧИГ | |
| Гарчиг | Introduction to integrated accounting |
| 740 ## - НОМЫН ГАРЧИГ | |
| Гарчиг | Accounting cycle-service business |
| 740 ## - НОМЫН ГАРЧИГ | |
| Гарчиг | Accounting cycle-merchandising business |
| 740 ## - НОМЫН ГАРЧИГ | |
| Гарчиг | Voucher system |
| 942 ## - ЭЛЕМЕНТИЙН ТӨРӨЛ | |
| Зүйлийн төрөл | Ном |
